Introduction mathématique à la linguistique structurale /

Guardado en:
Autor Principal: Marcus, Solomon.
Formato: Libro
Idioma:French
Publicado: Paris : Dunod, 1967.
Series:Monographies de linguistique mathématique ; 1
Etiquetas: Agregar Etiqueta
Sin Etiquetas, Sea el primero en etiquetar este registro!
LEADER 00580cam a22001695 4500
001 MAT.inmabb001937
008 750429s1967####fr#a#####b####001#0#fre#d
005 20160106124108.0
245 1 0 |a Introduction mathématique à la linguistique structurale /  |c Solomon Marcus. 
260 |a Paris :  |b Dunod,  |c 1967. 
300 |a xii, 281 p. :  |b il. ;  |c 24 cm. 
440 0 |a Monographies de linguistique mathématique ;  |v 1 
504 |a Bibliografía al final de cada capítulo. 
100 1 |a Marcus, Solomon. 
084 |a 91F20  |2 msc2000 
010 |a  68094395  
859 |h 91  |i M322i  |p A-2793  |b BIB. MATEMATICA